000 00518nam a2200217Ia 4500
003 OSt
005 20221005113953.0
006 a|||||r|||| 00| 0
007 ta
008 ORI
024 _a27533
037 _cTextual
040 _aCRL
_cCRL
_bORI
041 _2ORI
_aORI
082 _aO159,3NPA,11, K8
100 _aPattanayak Basanta Kumari
_9625253
245 0 _aAmada bata
260 _c1968
942 _hO159,3NPA,11, K8
_cTEXL
_2cc
999 _c1029911
_d1029911